| 000 | 00533nam a2200193Ia 4500 | ||
|---|---|---|---|
| 999 |
_c671 _d671 |
||
| 003 | 0100 | ||
| 008 | 130227s9999 xx 000 0 und d | ||
| 040 | _cARRUPELIB | ||
| 050 | _aDT703.G7352 1967 | ||
| 100 |
_aGreen, Lawrence, George _939205 |
||
| 245 | _aOn wings of fire: | ||
| 245 | _bA narrative of odd and unusual characters and queer, remote places along the Flamingo coast from Swampland to the Cape | ||
| 260 |
_aCape Town _bHoward Timmins _c1967 |
||
| 300 | _a249p | ||
| 300 | _b 21cm | ||
| 650 |
_aNamibia _xDescription & travel _939204 |
||
| 650 |
_aSouth Africa _xDescription & travel _939206 |
||
| 942 |
_2lcc _cMONOGRAPH |
||